| 000 | 01347cam a22003613a 4500 | ||
|---|---|---|---|
| 001 | 2315 | ||
| 003 | FISKH | ||
| 005 | 20231120123737.0 | ||
| 008 | 210818s1991 nyua j 000 1 eng d | ||
| 010 | _a 2020417341 | ||
| 020 |
_a9780590427319 _q(pbk.) |
||
| 020 |
_a0590427318 _q(pbk.) |
||
| 035 | _a(OCoLC)ocm23012722 | ||
| 040 |
_aIOS _beng _cIOS _dBTCTA _dBAKER _dNZROD _dYDXCP _dVVW _dOCLCQ _dOCLCF _dOCLCO _dOCLCA _dOCLCQ _dCCHGZ _dALV _dOCLCO _dOCL _dDLC |
||
| 042 | _alccopycat | ||
| 050 | 0 | 0 | _aCPB Box no. 3004 vol. 6 |
| 082 | _a793.73 | ||
| 100 | 1 |
_aMiller, Marvin, _q(Marvin L.) |
|
| 245 | 1 | 0 |
_aYou be the detective / _cMarvin Miller ; illustrated by Bob Roper. _bSeven jigsaw puzzle mysteries for you to solve ! : |
| 260 |
_aNew York : _bScholastic, _c1991. |
||
| 300 |
_a81 pages ; _c20 cm |
||
| 505 | _aO | ||
| 520 | _aSeven baffling crimes have been committed. Study the evidence, then put together the jigsaw puzzle at the end of each case, and solve the crime. | ||
| 521 | 8 |
_a620
_bLexile |
|
| 521 | 8 |
_aO
_bRaz-Plus |
|
| 650 | 0 | _aDetective and mystery stories. | |
| 650 | 1 | _aMystery and detective stories. | |
| 655 | 7 |
_aChildren's stories. _2lcsh |
|
| 655 | 7 |
_aMystery fiction. _2gsafd |
|
| 700 | 1 |
_aRoper, Robert _q(Robert C.) _eillustrator |
|
| 906 |
_a7 _bcbc _ccopycat _d2 _encip _f20 _gy-genrareb |
||
| 942 |
_2ddc _cBK _n0 |
||
| 999 |
_c2315 _d2315 |
||